

| 000 -LEADER | |
|---|---|
| fixed length control field | 01306nam a2200217Ia 4500 |
| 003 - CONTROL NUMBER IDENTIFIER | |
| control field | OSt |
| 005 - DATE AND TIME OF LATEST TRANSACTION | |
| control field | 20211025111038.0 |
| 008 - FIXED-LENGTH DATA ELEMENTS--GENERAL INFORMATION | |
| fixed length control field | 160316s2000 xxu||||| |||| 00| 0 eng d |
| 020 ## - INTERNATIONAL STANDARD BOOK NUMBER | |
| International Standard Book Number | 9788187218302 |
| 040 ## - CATALOGING SOURCE | |
| Transcribing agency | n |
| 082 ## - DEWEY DECIMAL CLASSIFICATION NUMBER | |
| Classification number | 331.800000 |
| Item number | AER |
| 100 ## - MAIN ENTRY--PERSONAL NAME | |
| Personal name | Aerthayil Mathew |
| 245 ## - TITLE STATEMENT | |
| Title | Fishworkers movement in Kerala 1977 - 1994 : The role of non-party political organisations in social transformation in India |
| 260 ## - PUBLICATION, DISTRIBUTION, ETC. | |
| Place of publication, distribution, etc. | New Delhi |
| Name of publisher, distributor, etc. | Indian Social Institute |
| Date of publication, distribution, etc. | 2000 |
| 300 ## - PHYSICAL DESCRIPTION | |
| Extent | 183p |
| 365 ## - TRADE PRICE | |
| Price amount | Rs.100 |
| 505 ## - FORMATTED CONTENTS NOTE | |
| Formatted contents note | The book "Fishworkers' Movement in Kerala, 1977-1994 The Role of Non-Party Political Organisations in Social Transformation in India" is written by Mathew Aerthayil. This book was published in the year 2000. The ISBN number 8187218304|9788187218302 is assigned to the Paperback version of this title. This book has total of pp. viii + 183 (Pages). The publisher of this title is Indian Social Institute. We have about 535 other great books from this publisher. Fishworkers' Movement in Kerala, 1977-199 |
| 650 ## - SUBJECT ADDED ENTRY--TOPICAL TERM | |
| Topical term or geographic name entry element | 1. Labour Movement - Kerala2. Fishworker's Movement - Kerala 1977 - 19943. Fishworker's Movement - Role - Non-Political Organisation4. Fishworker's Movement - Social Transformation - Role - Non - Profit - Organisation |
| 700 ## - ADDED ENTRY--PERSONAL NAME | |
| Personal name | |
| -- | |
| 942 ## - ADDED ENTRY ELEMENTS (KOHA) | |
| Source of classification or shelving scheme | Dewey Decimal Classification |
| Koha item type | BOOKs |
| Withdrawn status | Lost status | Damaged status | Not for loan | Home library | Current library | Shelving location | Date acquired | Cost, normal purchase price | Total Checkouts | Full call number | Barcode | Date last seen | Price effective from | Koha item type |
|---|---|---|---|---|---|---|---|---|---|---|---|---|---|---|
| . | . | Library Compactors | 30.05.2017 | 100.00 | 331.8 AER | 18553 | 30.05.2017 | 30.05.2017 | BOOKs |